Normal view
MARC view
Entry Geographic Name
001 - CONTROL NUMBER
- control field: 962811
003 - CONTROL NUMBER IDENTIFIER
- control field:
005 - DATE AND TIME OF LATEST TRANSACTION
- control field: 20210627111227.0
008 - FIXED-LENGTH DATA ELEMENTS
- fixed length control field: 210627|| aca||aabn | a|a d
040 ## - CATALOGING SOURCE
- Original cataloging agency:
- Transcribing agency:
151 ## - HEADING--GEOGRAPHIC NAME
- Geographic name: Rattihalli (India)
- General subdivision: Religious life and customs
670 ## - SOURCE DATA FOUND
- Source citation: Work cat.: ()845952: Filliozat, Vasundhara, 1940- 962801, Kalamukha temples of Karnataka :, 2012
